DACH-Länder - Geografie Quiz - Statistiken

Allgemein
  • Dieses Quiz wurde 178 mal gespielt
  • Das Durchschnittsergebnis liegt bei 18 aus 30
Antwortstatistiken
Frage Antwort % Korrekt
Wie heißt die Hauptstadt? Berlin
100%
Wie heißt die Hauptstadt? Wien
100%
Wie heißt die bevölkerungsreichste Stadt? Berlin
99%
Wie heißt die Hauptstadt? Bern
99%
Wie heißt die bevölkerungsreichste Stadt? Wien
99%
Längster Fluss Rhein
97%
Wie heißt die bevölkerungsreichste Stadt? Zürich
97%
Wie heißt der höchste Berg? Zugspitze
95%
Größtes Bundesland/Kanton (Fläche) Bayern
93%
Hat die längste Landesgrenze mit … Österreich/Tschechien
79%
Längster Fluss Donau
78%
Hat die längste Landesgrenze mit … Italien
78%
Hat die längste Landesgrenze mit … Deutschland
77%
Längste Autobahn A7
76%
Längster Fluss Rhein
71%
Erfolgreichster Fußballverein (Nach Bundes-/Höchstliga Titeln) FC Bayern München
58%
Wie heißt der höchste Berg? Großglockner
56%
Erfolgreichster Fußballverein (Nach Bundes-/Höchstliga Titeln) SK Rapid Wien
48%
Größter See Genfer See
45%
Größtes Bundesland/Kanton (Fläche) Niederösterreich
45%
Längste Autobahn A2
41%
Längste Autobahn A1
38%
Größter See Müritz
34%
Größtes Bundesland/Kanton (Fläche) Graubünden
29%
Höchstes Bauwerk Berliner Fernsehturm
27%
Wie heißt der höchste Berg? Dufourspitze
22%
Größter See Neusiedler See
22%
Erfolgreichster Fußballverein (Nach Bundes-/Höchstliga Titeln) Grasshopper Club Zürich
6%
Höchstes Bauwerk Sender Kronstorf
1%
Höchstes Bauwerk Lac des Dix
0%
Keine übereinstimmenden Quizze gefunden
Verteilung der Resultate
Anzahl Personen mit jedem Resultat
Perzentil nach korrekt beantworteten Fragen
Ihre Resultats-Entwicklung
Sie haben dieses Quiz noch nicht gespielt